| 000 | 00501nam a2200157 a 4500 | ||
|---|---|---|---|
| 001 | 000029771 | ||
| 005 | 20200930055807.0 | ||
| 008 | 110425s1996 dr 000 p spa d | ||
| 040 |
_aDO-SdBNP _bspa _cBNPHU |
||
| 082 |
_axxx _bP438 |
||
| 100 | 1 |
_aPérez, Norvo A. _938432 |
|
| 245 | 1 | 0 |
_aIdeario emocional : _b(poemario) / _cNorvo A. Pérez. |
| 260 |
_aSanto Domingo : _bEditorial Santo Domingo, _c1996. |
||
| 300 |
_a31 p. ; _c17 cm. |
||
| 590 | _aLa biblioteca posee 1 ejemplar autografiado por el autor. | ||
| 999 |
_c29263 _d29263 |
||